LEADER 02039nam a2200385 a 4500 001 000000116965 003 CaOOAMICUS 005 20090911110551.0 008 090911s1502 it u001 u lat r 026 $ai-nt t:e.$bpose rios (3)$c1502 (A) 040 $aPUL$bita$dmdb 041 1 $alat$hgrc 100 0 $aAegidius romanus,$carciv. di Bourges,$dc. 1243-1316.$0(OLS)http://pul/name/3001 240 10$aPhysica$lLatino.$0(OLS)http://pul/title/147108 245 10$aEgidii Romani Commentaria in octo libros phisicorum Aristotelis. 246 30$aCommentaria in octo libros phisicorum Aristotelis 260 $e(Impressum Venetiis :$fper d. Andream de Torresanis de Asula,$g26 Septembris 1502) 300 $a229 c. ;$c2° (30 cm) 500 $aTesto su colonne. 500 $aSegnatura: 1-27(8) 28(6) 29(8) 500 $aInclude indici. 500 $aNote tipografiche sul coloph. 662 $aItalia$dVenezia.$0(OLS)http://pul/subject/34951 700 0 $aAristoteles,$d384-322 a.C.$tPhysica$lLatino.$0(OLS)http://pul/nameTitle/1010$0(OLS)http://pul/name/792$0(OLS)http://pul/title/147108 710 0 $aTorresano, Andrea 1 $4pbl.$0(OLS)http://pul/name/72834 850 $aPUL 852 $aPUL$W1$xDP1 Antico 500$y12$m81 B 16$j134174$qStampati Antico$B133157$CPULBib$Z2$F133157 $82 856 0$uhttp://aquabrowser.pul.it/cinquecentine/81B16-1.jpg 900 $aAristotle,$d 384-322 a.C.$9792 900 $aAristotele,$d384-322 a.C.$9792 941 1 $a15 961 $aPrecedente collocazione: S Iv 2?.Precedente appartenenza: Collegio Germanico - Bibl. Sup.Timbro: Bibliotheca Pia Pont. Seminarii Romani.Stemmi dell'ordine dei Gesuiti (JHS) e di Gregorio XIII sul dorso.Sottolineature all'interno del testo.Postille mss. all'interno del testo. 996 $6246$aCommentaria in octo libros phisicorum Aristotelis$9(OLS)http://pul/title/147110 996 $6245$aEgidii Romani Commentaria in octo libros phisicorum Aristotelis$9(OLS)http://pul/title/147109 996 $6260$a[S.l.] :$b[s.n.]$9(OLS)http://pul/publisher/0 LEADER 01613nam a2200349 a 4500 001 000000176553 003 CaOOAMICUS 005 20240201104104.0 008 240201s2021 gw a m u000 u ger r 020 $a978-3-447-11745-6* 032 $aLibriCat 040 $aPUL$bita 082 04$a222 100 1 $aWeyringer, Simon,$d1969-$0(OLS)http://pul/name/113479 245 10$aAn der Schwelle zum Land der Verheißung :$bRhetorik und Pragmatik in Dtn 9,1?10,11 /$cSimon Weyringer. 260 $aWiesbaden :$bHarrassowitz,$c2021. 300 $aXI, 255 p. :$bill.;$a25 cm 490 1 $aBeihefte zur Zeitschrift für altorientalische und biblische Rechtsgeschichte ;$v26 500 $aInclude indice. 500 $aContiene passi in ebraico. 502 $aTesi di Dottorato -- Pontificium Institutum Biblicum, 2021. 504 $aBibliografia: p. [232]-243. 630 04$aBiblia.$pV.T.$pDeuteronomium$xCritica, interpretazione, ecc.$0(OLS)http://pul/subject/7579 830 0$aBeihefte zur Zeitschrift für altorientalische und biblische Rechtsgeschichte ;$v26.$0(OLS)http://pul/title/158939 850 $aPUL 852 $aPUL$W1$xDP1 Tesi Pon. Ist. Biblico$y33$m2021 B 4$j198838$qTesi$B205502$CPULBib$Z2$F205502 $82 941 1 $a16 996 $6020$a978-3-447-11745-6*$9(OLS)http://pul/number/169513 996 $6082$a222$9(OLS)http://pul/classification/563 996 $6245$aAn der Schwelle zum Land der Verheißung :$bRhetorik und Pragmatik in Dtn 9,1?10,11$9(OLS)http://pul/title/218044 996 $6260$aWiesbaden :$bHarrassowitz$9(OLS)http://pul/publisher/53801